No arquipélago das maravilhas (Registo nº 3896)
[ vista simples ]
| 000 -Etiqueta do registo | |
|---|---|
| Cabeçalho | 00759nem0a2200241 4500 |
| 005 - Identificador da versão | |
| Campo de controlo | 20240813122047.0 |
| 010 ## - Número internacional normalizado dos livros (ISBN) | |
| Número (ISBN) | 9728339054 |
| 021 ## - Número do Depósito Legal | |
| Código do país | PT |
| Número | 108355/97 |
| 100 ## - Dados gerais de processamento | |
| Dados gerais de processamento | 20171128d1997 d y0pory5003 ba |
| 102 ## - Pais de publicação ou produção | |
| País de publicação | Portugal |
| 101 0# - Língua de publicação | |
| Língua do texto, banda sonora, etc. | Português |
| 215 ## - Descrição física | |
| Indicação específica da natureza do documento e extensão da espécie | 111 p. |
| Outras indicações físicas | il. color |
| 200 1# - Titulo e menção de responsabilidade | |
| Título próprio | No arquipélago das maravilhas |
| Primeira menção de responsabilidade | Celeste Canelas |
| 225 1# - Colecção | |
| Título próprio da colecção | Entreculturas |
| Indicação de volume | 1 |
| Nome de uma parte ou secção | História e histórias |
| 210 ## - Publicação, Distribuição, etc. | |
| Lugar da edição, distribuição, etc. | Lisboa |
| Nome do editor, distribuidor, etc. | Ministério da Educação. Secretariado Coordenador dos Programas de Educação Multicultural |
| Data da publicação, distribuição, etc. | 1997 |
| 606 ## - Nome comum usado como assunto | |
| Número de registo de entrada de autoridade | 0001981 |
| Palavra de ordem | Literatura portuguesa |
| Subdivisão de assunto | Romance |
| Código do sistema | CA |
| 675 ## - Classificação Decimal Universal (CDU) | |
| Notação | 821.134.3-31 |
| Edição | 3ª ed. |
| Língua da edição | por |
| 700 #1 - Nome de autor-pessoa física (responsabilidade principal) | |
| Número de registo de entrada de autoridade | 0000359 |
| Palavra de ordem | Canelas |
| Outra parte do nome não tomada para palavra de ordem | Celeste |
| 966 ## - Identificação da Biblioteca | |
| Sigla | EBVEN |
| 942 ## - Elementos de entrada adicionados (Koha) | |
| Tipo de item no Koha | Livro |
| Situação do levantamento | Origin of item (home branch) (coded) | Biblioteca de empréstimo | Código de barras | Cota | Circulation type (not for loan) | Tipo de documento | Nota do exemplar | Damaged status |
|---|---|---|---|---|---|---|---|---|
| Biblioteca Escolar das Vendas | Biblioteca Escolar das Vendas | BEV240 | 8POR CAN | Livro | Sem mensagem | |||
| Biblioteca Escolar das Vendas | Biblioteca Escolar das Vendas | BEV241 | 8POR CAN | Livro | Sem mensagem |
